Normal view MARC view
  • Savills Project Consultancy

Entry Corporate Name

Number of records used in: 15

001 - CONTROL NUMBER

  • control field: 5857

003 - CONTROL NUMBER IDENTIFIER

  • control field: SIRSI

005 - DATE AND TIME OF LATEST TRANSACTION

  • control field: 20190806150247.0

008 - FIXED-LENGTH DATA ELEMENTS

  • fixed length control field: 100609n| acannaabn |n ana d

040 ## - CATALOGING SOURCE

  • Original cataloging agency: OSt
  • Transcribing agency: OSt

110 2# - HEADING--CORPORATE NAME

  • Corporate name or jurisdiction name as entry element: Savills Project Consultancy

670 ## - SOURCE DATA FOUND

  • Source citation: Commercial development activity, 2010